[Event "SR 1. liga zapad 2011/2012"]
[Site "?"]
[Date "2012.01.08"]
[Round "7.5"]
[White "Bednar, Jan"]
[Black "Ac, Michal"]
[Result "1-0"]
[WhiteElo "2128"]
[BlackElo "2174"]
[PlyCount "133"]
[EventDate "2011.??.??"]

1. d4 Nf6 2. c4 g6 3. Nc3 Bg7 4. e4 d6 5. f3 O-O 6. Be3 Nfd7 7. Qd2 c5 8. Nge2
Nc6 9. O-O-O cxd4 10. Nxd4 Nxd4 11. Bxd4 Bxd4 12. Qxd4 Qb6 13. Nd5 Qd8 14. h4
Ne5 15. h5 Be6 16. hxg6 fxg6 17. Kb1 b6 18. Be2 Rc8 19. f4 Nd7 20. Rh6 Rf7 21.
Rdh1 Nf8 22. g4 Bxd5 23. exd5 Qc7 24. Bd3 Qc5 25. Qe4 Qf2 26. f5 gxf5 27. gxf5
Rg7 28. Rf1 Rg1 29. Rh1 Rxf1+ 30. Rxf1 Qg3 31. f6 exf6 32. Rxf6 Rc7 33. Rf4 Rg7
34. Qf5 Qe1+ 35. Kc2 Qe7 36. Rf2 Qf7 37. b4 Qxf5 38. Bxf5 Rc7 39. Kd3 Kg7 40.
Kd4 Ng6 41. Rc2 Kf6 42. Be4 Ne5 43. c5 bxc5+ 44. bxc5 dxc5+ 45. Rxc5 Rd7 46.
Rc2 Ng6 47. Rc6+ Kf7 48. Bxg6+ hxg6 49. Ke5 g5 50. d6 g4 51. Rc4 g3 52. Rf4+
Ke8 53. Rg4 Rh7 54. Rxg3 Rh5+ 55. Ke6 Rh6+ 56. Kd5 Rh2 57. Rg8+ Kf7 58. Rc8
Rd2+ 59. Kc6 Rc2+ 60. Kd7 Rxa2 61. Rc1 Rd2 62. Rf1+ Kg7 63. Ke7 Re2+ 64. Kd8 a5
65. d7 Rd2 66. Rc1 Kf7 67. Kc8 1-0

[Event "SR 1. liga zapad 2011/2012"]
[Site "?"]
[Date "2012.01.08"]
[Round "7.5"]
[White "Certek, Pavel"]
[Black "Rohacek, Miroslav"]
[Result "1/2-1/2"]
[WhiteElo "2322"]
[BlackElo "2297"]
[PlyCount "45"]
[EventDate "2011.??.??"]

1. c4 e5 2. g3 f5 3. d4 e4 4. Nc3 Nf6 5. Bg5 Be7 6. e3 c6 7. Nge2 d6 8. Nf4 O-O
9. h4 a6 10. a3 Ng4 11. Bxe7 Qxe7 12. Be2 Nd7 13. Bxg4 fxg4 14. Qc2 Nf6 15. Rc1
Bf5 16. b4 h6 17. c5 d5 18. a4 g5 19. hxg5 hxg5 20. Nfe2 Kg7 21. Kd2 Rh8 22.
Qb1 Rh3 23. b5 1/2-1/2

[Event "SR 1. liga zapad 2011/2012"]
[Site "?"]
[Date "2012.01.08"]
[Round "7.5"]
[White "Federic, Jozef"]
[Black "Petran, Peter"]
[Result "0-1"]
[WhiteElo "2270"]
[BlackElo "2297"]
[PlyCount "106"]
[EventDate "2011.??.??"]

1. d4 g6 2. e4 Bg7 3. g3 d6 4. Bg2 Nf6 5. Ne2 O-O 6. O-O Nbd7 7. Nbc3 e5 8. h3
Re8 9. Be3 c6 10. a4 Qe7 11. Qd2 b6 12. Rfe1 a6 13. g4 Bb7 14. Ng3 exd4 15.
Bxd4 c5 16. Be3 Ne5 17. Qe2 h6 18. Rad1 Kh7 19. f4 Nc6 20. Qf2 Nb4 21. Re2 Rad8
22. Red2 Kg8 23. Bf3 Bc6 24. Qg2 Nh7 25. h4 d5 26. Bf2 d4 27. Nce2 Bxa4 28. b3
Bb5 29. e5 Nxc2 30. Rxc2 d3 31. Rcd2 dxe2 32. Nxe2 Rxd2 33. Rxd2 g5 34. hxg5
hxg5 35. Nc3 gxf4 36. Nxb5 axb5 37. Bc6 Rd8 38. Rxd8+ Qxd8 39. Bxb5 Bxe5 40.
Be2 Bd4 41. Kf1 Bxf2 42. Qxf2 Qf6 43. Bd3 Ng5 44. Bc2 Kg7 45. Qd2 Qa1+ 46. Kg2
Qd4 47. Qe1 Qd5+ 48. Kf1 Qh1+ 49. Ke2 Qxe1+ 50. Kxe1 Nf3+ 51. Kf2 Nd4 52. Bd3
Nxb3 53. Kf3 c4 0-1

[Event "SR 1. liga zapad 2011/2012"]
[Site "?"]
[Date "2012.01.08"]
[Round "7.5"]
[White "Kolcak, Marek"]
[Black "Helbich, Branislav"]
[Result "1/2-1/2"]
[WhiteElo "2145"]
[BlackElo "2036"]
[PlyCount "135"]
[EventDate "2011.??.??"]

1. e4 e5 2. Nf3 Nc6 3. Bb5 Nf6 4. d4 Nxd4 5. Nxd4 exd4 6. Qxd4 c6 7. Bc4 d5 8.
exd5 Nxd5 9. O-O Be6 10. Re1 Nc7 11. Qc3 Qh4 12. g3 Qg4 13. Bf4 O-O-O 14. Bxc7
Kxc7 15. Qa5+ Kc8 16. Bxe6+ fxe6 17. Qxa7 Qb4 18. Nc3 Bc5 19. a3 Qd4 20. Qa8+
Kc7 21. Qa5+ Bb6 22. Qe5+ Qxe5 23. Rxe5 Rd2 24. Re2 Rxe2 25. Nxe2 Rd8 26. Rc1
g5 27. b4 e5 28. c4 Rd2 29. Kf1 Kd7 30. c5 Bc7 31. Nc3 Ke6 32. Ne4 Rd3 33. Rc3
Rxc3 34. Nxc3 Kf5 35. f3 h5 36. Ne4 g4 37. Kf2 Ke6 38. Ke3 b6 39. a4 bxc5 40.
Nxc5+ Kd5 41. fxg4 hxg4 42. a5 Bxa5 43. Ne4 Bb6+ 44. Kd3 Ke6 45. Nc3 Bd4 46.
Ne4 Bg1 47. Ke2 Bb6 48. Kd3 Bd8 49. Nc5+ Kd5 50. Ne4 Be7 51. Nf2 Bxb4 52. Nxg4
e4+ 53. Ke2 Be7 54. Ne3+ Ke6 55. h4 Bd6 56. g4 Bf4 57. Nf5 c5 58. Ne3 Bg3 59.
Nf5 Bf4 60. Ne3 Bh6 61. Nf5 Bf8 62. Ke3 Ke5 63. Ng3 c4 64. Nxe4 Be7 65. h5 Bf8
66. g5 Kf5 67. g6 Bg7 68. Nd6+ 1/2-1/2

[Event "SR 1. liga zapad 2011/2012"]
[Site "?"]
[Date "2012.01.08"]
[Round "7.5"]
[White "Machalova, Maria"]
[Black "Privara, Igor"]
[Result "0-1"]
[WhiteElo "2184"]
[BlackElo "2264"]
[PlyCount "122"]
[EventDate "2011.??.??"]

1. c4 Nf6 2. Nc3 c5 3. e4 Nc6 4. g3 g6 5. Bg2 Bg7 6. d3 d6 7. Nge2 O-O 8. O-O
Rb8 9. h3 a6 10. f4 Bd7 11. Be3 b5 12. Qd2 Qb6 13. Rab1 Nd4 14. e5 Ne8 15. Nd5
Nxe2+ 16. Qxe2 Qd8 17. exd6 exd6 18. b3 Nc7 19. Kh2 Re8 20. Qf2 Nxd5 21. Bxd5
Qc8 22. Bg2 Bc6 23. Rbe1 Bxg2 24. Qxg2 Qf5 25. Qd2 h5 26. Bf2 d5 27. cxb5 axb5
28. Bxc5 d4 29. b4 Ra8 30. Rxe8+ Rxe8 31. Rf3 g5 32. Qc2 g4 33. hxg4 hxg4 34.
Rf1 Re3 35. Qg2 Rxd3 36. Re1 Rc3 37. Kg1 Rc2 38. Qh1 Qc8 39. Qe4 Rxa2 40. Qe8+
Qxe8 41. Rxe8+ Kh7 42. Rd8 Rd2 43. Rd5 d3 44. Bd4 Bxd4+ 45. Rxd4 Kg6 46. Kf1
Kf5 47. Ke1 Re2+ 48. Kf1 Re3 49. Kf2 Rf3+ 50. Kg2 Ke6 51. Rd8 f5 52. Rd4 Re3
53. Rd8 Re4 54. Rxd3 Rxb4 55. Kf2 Re4 56. Rd8 b4 57. Rb8 Kd5 58. Rb5+ Kc4 59.
Rxf5 b3 60. Rf8 b2 61. Rb8 Kc3 0-1

[Event "SR 1. liga zapad 2011/2012"]
[Site "?"]
[Date "2012.01.08"]
[Round "7.5"]
[White "Ruckschloss, Karol"]
[Black "Machalova, Veronika"]
[Result "1/2-1/2"]
[WhiteElo "2290"]
[BlackElo "2209"]
[PlyCount "55"]
[EventDate "2011.??.??"]

1. c4 e5 2. Nc3 Nc6 3. g3 g6 4. Bg2 Bg7 5. Rb1 d6 6. b4 Nge7 7. b5 Nd4 8. e3
Ne6 9. Nge2 f5 10. d3 O-O 11. f4 h6 12. h4 Kh7 13. a4 c6 14. Ba3 c5 15. Nd5 Rb8
16. Bb2 b6 17. Qb3 Bb7 18. O-O Re8 19. e4 Nxd5 20. cxd5 Nd4 21. Nxd4 exd4 22.
Rbe1 Qf6 23. Qd1 Re7 24. exf5 gxf5 25. Rxe7 Qxe7 26. Re1 Qf7 27. Re6 Bc8 28.
Re2 1/2-1/2

[Event "SR 1. liga zapad 2011/2012"]
[Site "?"]
[Date "2012.01.08"]
[Round "7.5"]
[White "Travenec, Igor"]
[Black "Machalova, Erika"]
[Result "1/2-1/2"]
[WhiteElo "2196"]
[BlackElo "2102"]
[PlyCount "69"]
[EventDate "2011.??.??"]

1. e4 c5 2. Nf3 d6 3. d4 cxd4 4. Nxd4 Nf6 5. Nc3 a6 6. a4 Qc7 7. Be2 e5 8. Nb3
Be6 9. O-O Be7 10. Kh1 O-O 11. f4 Nbd7 12. Be3 Rfd8 13. Qe1 Rac8 14. Rd1 Nb6
15. Qg3 Nc4 16. Bc1 Na5 17. Nd2 exf4 18. Qxf4 Nc6 19. Nf3 Ne5 20. Nd4 d5 21.
exd5 Nxd5 22. Nxd5 Bxd5 23. Nf5 Bf8 24. Ne3 Be6 25. b3 Rxd1 26. Rxd1 Nc6 27.
Qxc7 Rxc7 28. Bb2 Be7 29. Bf3 Bg5 30. Nd5 Rd7 31. Nb6 Rxd1+ 32. Bxd1 Be3 33.
Na8 Bf5 34. Nc7 Kf8 35. Nd5 1/2-1/2

[Event "SR 1. liga zapad 2011/2012"]
[Site "?"]
[Date "2012.01.08"]
[Round "7.6"]
[White "Gabris, Ondrej"]
[Black "Castiglione, Mario"]
[Result "1-0"]
[WhiteElo "2146"]
[BlackElo "2282"]
[PlyCount "63"]
[EventDate "2011.??.??"]

1. e4 e5 2. Nf3 Nc6 3. d4 exd4 4. c3 d3 5. Bxd3 d6 6. h3 g6 7. O-O Bg7 8. Be3
Nge7 9. Nd4 O-O 10. f4 f5 11. Nd2 fxe4 12. Nxe4 d5 13. Nxc6 Nxc6 14. Ng5 Bf5
15. Bc5 Rf6 16. Bxf5 Rxf5 17. Ne6 Qd7 18. g4 Rf6 19. Nxg7 Kxg7 20. Bd4 Nxd4 21.
Qxd4 Kf7 22. Rae1 c6 23. Re5 Re8 24. Rfe1 Rfe6 25. Qxa7 Rxe5 26. fxe5 Ke6 27.
Qf2 Qf7 28. Qf6+ Qxf6 29. exf6+ Kf7 30. Rxe8 Kxe8 31. g5 c5 32. Kf2 1-0

[Event "SR 1. liga zapad 2011/2012"]
[Site "?"]
[Date "2012.01.08"]
[Round "7.6"]
[White "Hartl, Jan"]
[Black "Peitl, Tomas"]
[Result "0-1"]
[WhiteElo "2189"]
[BlackElo "2214"]
[PlyCount "63"]
[EventDate "2011.??.??"]

1. e4 e6 2. d4 d5 3. e5 c5 4. c3 Nc6 5. Nf3 Qb6 6. Bd3 cxd4 7. cxd4 Bd7 8. O-O
Nxd4 9. Nxd4 Qxd4 10. Nc3 Qb6 11. Qg4 g6 12. a4 Qb4 13. Qh3 a6 14. Bd2 Qe7 15.
a5 Bg7 16. Rfe1 Qd8 17. Be3 Ne7 18. Bb6 Qb8 19. f4 O-O 20. Kh1 Qe8 21. Rac1 Rc8
22. Ne2 f6 23. Rxc8 Qxc8 24. Rc1 Nc6 25. Bc5 Rf7 26. Bd6 fxe5 27. fxe5 Qd8 28.
Qg3 Qxa5 29. h4 Qd2 30. Rc2 Qd1+ 31. Ng1 Bh6 32. Rc3 0-1

[Event "SR 1. liga zapad 2011/2012"]
[Site "?"]
[Date "2012.01.08"]
[Round "7.6"]
[White "Havlicek, Libor"]
[Black "Tibensky, Robert"]
[Result "1-0"]
[WhiteElo "2304"]
[BlackElo "2410"]
[PlyCount "91"]
[EventDate "2011.??.??"]

1. d4 g6 2. Nf3 Nf6 3. g3 Bg7 4. Bg2 O-O 5. O-O d6 6. c4 c6 7. Nc3 Qa5 8. h3
Be6 9. Qd3 Qa6 10. b3 d5 11. Nd2 Rd8 12. Bb2 Nbd7 13. Na4 dxc4 14. Nxc4 b5 15.
Ne3 Rac8 16. Nc3 Qb6 17. Ba3 Ne5 18. Qc2 Rxd4 19. Bxe7 Nd5 20. Ncxd5 cxd5 21.
Qb1 Rd2 22. Qe1 Rd4 23. Rc1 Rc7 24. Ba3 Rxc1 25. Bxc1 Re4 26. Kh2 f5 27. Qd1 d4
28. Nc2 Nc6 29. e3 h5 30. Bxe4 fxe4 31. exd4 Qd8 32. d5 Bxd5 33. Ne3 Nd4 34.
Nxd5 Qxd5 35. Be3 Nf3+ 36. Kg2 Qe6 37. Bxa7 Kh7 38. Qe2 b4 39. Be3 h4 40. Bd2
Bf8 41. Rc1 Bd6 42. Rc4 Nxd2 43. Qxd2 hxg3 44. Rc6 gxf2 45. Qxd6 Qxh3+ 46. Kxf2
1-0

[Event "SR 1. liga zapad 2011/2012"]
[Site "?"]
[Date "2012.06.08"]
[Round "7.6"]
[White "Hecko, Dusan"]
[Black "Gombar, Peter"]
[Result "1-0"]
[WhiteElo "2123"]
[BlackElo "2033"]
[Annotator "Fritz 12 (20s)"]
[PlyCount "133"]
[EventDate "2011.??.??"]

{A38: Symmetrical English vs ...g6: 4 Bg2 Bg7 5 Nf3 Nf6} 1. c4 Nf6 2. Nc3 g6 3.
Nf3 Bg7 4. g3 O-O 5. Bg2 c5 6. O-O Nc6 7. d3 d6 8. Rb1 Bd7 {N} (8... h6 9. Ne1
Be6 10. Nd5 $11) 9. Bd2 Qc8 10. Re1 Rb8 11. a3 a6 12. b4 b6 13. bxc5 (13. Bg5
Be6 $14) (13. Qc1 $14) 13... bxc5 $11 14. Qc2 Qc7 15. Rxb8 Rxb8 16. Rb1 {
symetria a na tahu je cierny!} Rxb1+ 17. Qxb1 Qb8 18. Qxb8+ Nxb8 19. Ng5 $6 (
19. h3) 19... Bc6 20. Bxc6 Nxc6 21. Nd5 $5 (21. Kg2 $5 $11) 21... Nxd5 $15 22.
cxd5 Ne5 23. f4 Nd7 24. Ba5 h6 25. Nf3 Kf8 $2 (25... Bb2 26. a4 $15 f5 27. Nd2
Nf6 28. Nc4 Ba1 29. Nb6 Kf7) 26. Kf2 Ke8 27. h3 Bb2 $15 28. a4 Bg7 29. e4 $14
Nf6 30. Ke3 Nd7 31. g4 Bb2 32. Kd2 Bg7 33. Ke2 Bb2 34. Kd2 Bg7 35. Kc2 Bh8 36.
Nd2 Bf6 37. Nc4 Bd4 38. Kd2 Bf6 39. Ke2 Bd4 40. Kf3 Bf6 41. Bc7 Bc3 42. e5 dxe5
43. fxe5 Bd4 44. Ke4 Bc3 45. Bb6 $4 (45. Kf4 Kf8 $14) 45... Bd4 $4 (45... Bxe5
$142 46. Nxe5 Nxb6 $17) 46. Ba5 $14 Ba1 47. Bd2 $16 g5 48. Be3 Bc3 49. Bf2 (49.
Kf5 $142 $5 $18) 49... e6 $16 50. h4 gxh4 51. Bxh4 exd5+ 52. Kxd5 $18 Bd4 53.
Be1 f6 54. e6 Nf8 55. Nd6+ Ke7 56. Nf5+ Ke8 57. Nxh6 (57. Bg3 $18) 57... Ng6
58. Nf5 $2 (58. Bg3 $142 Ne7+ 59. Kc4 $18) 58... Nf4+ 59. Kc4 Nxe6 60. Nxd4
cxd4 61. Bf2 Ke7 62. Bxd4 Nf4 63. Be3 (63. Kb4 $142 $5 Ne6 64. Be3 Kd7 $18)
63... Ng6 64. d4 Kd6 65. Bd2 Kc6 66. d5+ Kd6 67. Bc3 1-0

[Event "SR 1. liga zapad 2011/2012"]
[Site "?"]
[Date "2012.01.08"]
[Round "7.6"]
[White "Kimerling, Martin"]
[Black "Hacik, Radomir"]
[Result "1/2-1/2"]
[WhiteElo "2015"]
[BlackElo "2158"]
[PlyCount "42"]
[EventDate "2011.??.??"]

1. d4 Nf6 2. c4 e6 3. g3 c5 4. Nf3 cxd4 5. Nxd4 Nc6 6. Nc3 Qa5 7. Bg2 Bb4 8.
Ndb5 a6 9. Nd6+ Ke7 10. Nxc8+ Rhxc8 11. Bd2 Kf8 12. O-O Qc7 13. a3 Be7 14. Bf4
d6 15. c5 Rd8 16. Qa4 Rac8 17. Rac1 h6 18. Rfd1 e5 19. cxd6 Rxd6 20. Rxd6 Qxd6
21. Be3 Qe6 1/2-1/2

[Event "SR 1. liga zapad 2011/2012"]
[Site "?"]
[Date "2012.01.08"]
[Round "7.6"]
[White "Kovac, Andrej"]
[Black "Hajek, Lukas"]
[Result "0-1"]
[WhiteElo "2154"]
[BlackElo "2038"]
[PlyCount "108"]
[EventDate "2011.??.??"]

1. d4 Nf6 2. Nf3 g6 3. c4 Bg7 4. g3 d5 5. Bg2 dxc4 6. O-O O-O 7. Nbd2 b5 8. a4
c6 9. e4 Bb7 10. Qc2 Nbd7 11. Re1 e5 12. dxe5 Ng4 13. Rd1 Qe7 14. b3 Ngxe5 15.
Nxe5 Nxe5 16. Bb2 cxb3 17. Qxb3 Rfd8 18. axb5 cxb5 19. Qxb5 Bc6 20. Qe2 Rab8
21. Ba3 Qe8 22. Rab1 Bb5 23. Qe3 a6 24. Nf3 Nc4 25. Rxd8 Rxd8 26. Qc1 Nxa3 27.
Qxa3 Qxe4 28. Re1 Qd3 29. Qc5 Bc3 30. Rc1 Bf6 31. h4 Qd6 32. Qc2 Bd3 33. Qa2 h6
34. Ne1 Bb5 35. Nf3 Re8 36. Rc2 Qd1+ 37. Kh2 Qd7 38. Rd2 Qe6 39. Qa3 Qe7 40.
Qa2 Rd8 41. Rc2 Qa7 42. Ng1 Qb8 43. Bd5 Rd7 44. h5 g5 45. Nf3 Kg7 46. Be4 Qb6
47. Rc8 Qd6 48. Rc1 g4 49. Ng1 Qe5 50. Bb1 Qxh5+ 51. Kg2 Qd5+ 52. Qxd5 Rxd5 53.
Be4 Rd2 54. Bf5 h5 0-1

[Event "SR 1. liga zapad 2011/2012"]
[Site "?"]
[Date "2012.01.08"]
[Round "7.6"]
[White "Michal, Silvio"]
[Black "Dolnak, Michal"]
[Result "1/2-1/2"]
[WhiteElo "2108"]
[BlackElo "2098"]
[PlyCount "100"]
[EventDate "2011.??.??"]

1. c4 e6 2. g3 d5 3. Bg2 Nf6 4. Nf3 Be7 5. O-O O-O 6. d4 dxc4 7. Ne5 c6 8. Nxc4
b5 9. Ne5 Bb7 10. Nc3 Qb6 11. e4 Rd8 12. Be3 Qa5 13. Qb3 a6 14. f4 Qb4 15. Qc2
Nbd7 16. a3 Qa5 17. b4 Qc7 18. Bh3 Nf8 19. f5 exf5 20. Qb3 Bd6 21. Rxf5 Bc8 22.
Rxf6 Bxe5 23. dxe5 Bxh3 24. Rd6 Rxd6 25. exd6 Qxd6 26. Rd1 Qg6 27. Qc2 h6 28.
Ne2 Bg4 29. Bc5 Bf3 30. Bxf8 Rxf8 31. Rd4 Qf6 32. Rd2 Re8 33. Qc3 Bxe2 34. Qxf6
gxf6 35. Rxe2 Re6 36. Kf2 Kf8 37. Kf3 Ke7 38. Kf4 Re5 39. Rc2 Kd6 40. Rd2+ Kc7
41. Rc2 Kb6 42. Rd2 Kc7 43. Rc2 c5 44. bxc5 a5 45. g4 Kc6 46. Rc3 b4 47. axb4
axb4 48. Rh3 Kxc5 49. Rxh6 Re6 50. Rh8 b3 1/2-1/2

[Event "SR 1. liga zapad 2011/2012"]
[Site "?"]
[Date "2012.01.08"]
[Round "7.6"]
[White "Sosovicka, Juraj"]
[Black "Janos, Ivan"]
[Result "1/2-1/2"]
[WhiteElo "2198"]
[BlackElo "2142"]
[PlyCount "95"]
[EventDate "2011.??.??"]

1. e4 c5 2. Nf3 d6 3. Bb5+ Nd7 4. d4 cxd4 5. Qxd4 e6 6. Nc3 Ngf6 7. Bg5 Be7 8.
O-O-O O-O 9. Rhe1 Qa5 10. Nd2 Ne5 11. f4 a6 12. Ba4 b5 13. fxe5 dxe5 14. Qxe5
Ng4 15. Qg3 Bxg5 16. Qxg4 bxa4 17. e5 Bxd2+ 18. Rxd2 a3 19. Re3 axb2+ 20. Kb1
Bb7 21. Qa4 Qc5 22. Nd1 Rfd8 23. Red3 Rxd3 24. Rxd3 Qxe5 25. Qd7 Bd5 26. Rc3 h5
27. Rc8+ Rxc8 28. Qxc8+ Kh7 29. Qxa6 Qxh2 30. Qd3+ g6 31. g3 Qh1 32. Kxb2 f5
33. Nc3 Qf3 34. Nxd5 Qxd3 35. cxd3 exd5 36. a4 f4 37. gxf4 h4 38. a5 h3 39. a6
h2 40. a7 h1=Q 41. a8=Q Qg2+ 42. Kb3 Qf3 43. Kc2 Qf2+ 44. Kc3 Qe1+ 45. Kc2 Qf2+
46. Kc3 Qc5+ 47. Kd2 Qb4+ 48. Kc2 1/2-1/2

[Event "SR 1. liga zapad 2011/2012"]
[Site "?"]
[Date "2012.01.08"]
[Round "7.6"]
[White "Turna, Stefan"]
[Black "Klemanic, Emil"]
[Result "1/2-1/2"]
[WhiteElo "2218"]
[BlackElo "2194"]
[PlyCount "143"]
[EventDate "2011.??.??"]

1. d4 Nf6 2. c4 e5 3. d5 Bc5 4. e3 d6 5. Nc3 O-O 6. Qc2 Re8 7. Bd3 c6 8. Nf3
Bg4 9. Nd2 Bh5 10. O-O Bg6 11. Bxg6 hxg6 12. Nde4 Nxe4 13. Nxe4 cxd5 14. cxd5
Bb6 15. Bd2 f5 16. Nc3 Nd7 17. Nb5 Rc8 18. Qd1 Nc5 19. Rc1 Qd7 20. Qe2 a6 21.
Na3 e4 22. Nc4 Bd8 23. b3 Nd3 24. Rb1 b5 25. Na5 Bxa5 26. Bxa5 Qb7 27. f3 Qxd5
28. fxe4 Qxe4 29. Rbd1 Nc5 30. Rxd6 Nb7 31. Rxa6 Rc2 32. Qf3 Rxa2 33. Qxe4 Rxe4
34. Ra8+ Kf7 35. Ra7 Rxa5 36. Rxb7+ Kf6 37. Rb6+ Re6 38. Rxe6+ Kxe6 39. Kf2
Ra2+ 40. Kf3 Rb2 41. Ra1 Rxb3 42. Ra6+ Kf7 43. Ra7+ Kg8 44. h4 Kh7 45. Rb7 Rb1
46. g4 Rb4 47. gxf5 gxf5 48. h5 Kh6 49. Rf7 Rb1 50. Kg2 g6 51. hxg6 Kxg6 52.
Rb7 Kf6 53. Kf3 Ke5 54. Re7+ Kd6 55. Rf7 b4 56. Ke2 Ke5 57. Re7+ Kd6 58. Rf7
Rb2+ 59. Kd3 Rb3+ 60. Ke2 Ke6 61. Rb7 Ke5 62. Re7+ Kd6 63. Rf7 Ke6 64. Rb7 Rb1
65. Kd3 b3 66. Rb6+ Ke5 67. Rb5+ Kf6 68. Kc3 Rc1+ 69. Kd3 Rd1+ 70. Kc3 Re1 71.
Kd2 Rb1 72. Kc3 1/2-1/2

[Event "SR 1. liga zapad 2011/2012"]
[Site "?"]
[Date "2012.02.04"]
[Round "8.1"]
[White "Cambel, Vladimir"]
[Black "Skreno, Vladimir"]
[Result "1/2-1/2"]
[WhiteElo "2036"]
[BlackElo "2178"]
[PlyCount "51"]
[EventDate "2011.??.??"]

1. Nf3 Nf6 2. c4 g6 3. g3 Bg7 4. Bg2 c6 5. O-O O-O 6. d4 d5 7. Nc3 e6 8. b3 Qa5
9. Qc2 Nbd7 10. Bd2 Qd8 11. Rfd1 Nb6 12. Qd3 Qe7 13. e4 dxe4 14. Nxe4 Nxe4 15.
Qxe4 h6 16. Rac1 Nd7 17. Qe1 Re8 18. Bb4 Qd8 19. Qd2 Nf6 20. Ne5 Qc7 21. Qf4
Nh5 22. Qe3 Bd7 23. Bf3 Nf6 24. Qf4 Rac8 25. Bc3 Qd8 26. h4 1/2-1/2

[Event "SR 1. liga zapad 2011/2012"]
[Site "?"]
[Date "2012.02.04"]
[Round "8.1"]
[White "Castiglione, Mario"]
[Black "Hagara, Eduard"]
[Result "0-1"]
[WhiteElo "2282"]
[BlackElo "2388"]
[PlyCount "54"]
[EventDate "2011.??.??"]

1. e4 e6 2. d4 d5 3. e5 c5 4. c3 Nc6 5. Nf3 Bd7 6. a3 Nge7 7. Bd3 c4 8. Bc2 h6
9. Nbd2 Qa5 10. O-O Nc8 11. h4 Nb6 12. h5 Be7 13. Ne1 Qa6 14. Qg4 O-O-O 15. b4
cxb3 16. Nxb3 f5 17. Qg3 Na5 18. Nd2 Rhg8 19. Nd3 Be8 20. a4 Nbc4 21. Nb4 Qb6
22. Nxc4 Nxc4 23. a5 Qc7 24. Bxh6 g5 25. hxg6 Rxg6 26. Qh3 Bxb4 27. cxb4 Qh7
0-1

[Event "SR 1. liga zapad 2011/2012"]
[Site "?"]
[Date "2012.02.04"]
[Round "8.1"]
[White "Gorusa, Miroslav"]
[Black "Dolnak, Michal"]
[Result "0-1"]
[WhiteElo "2213"]
[BlackElo "2098"]
[PlyCount "67"]
[EventDate "2011.??.??"]

1. d4 d5 2. c4 c6 3. Nc3 Nf6 4. Nf3 e6 5. e3 Nbd7 6. Qc2 Bd6 7. g4 Bb4 8. Bd2
Qe7 9. a3 Bxc3 10. Bxc3 Nxg4 11. Rg1 f5 12. cxd5 exd5 13. h3 Nh6 14. Bd3 Nf6
15. Bb4 Qc7 16. a4 g6 17. Ne5 Nf7 18. f4 Nxe5 19. fxe5 Ne4 20. h4 Be6 21. Rc1
Qd8 22. Rh1 Kf7 23. a5 a6 24. Qg2 h6 25. Ke2 Qd7 26. Rhg1 Rag8 27. Rcf1 Ke8 28.
Bxe4 dxe4 29. Rc1 Qd5 30. Bc3 g5 31. hxg5 hxg5 32. Rh1 f4 33. Kf2 f3 34. Qg3
0-1

[Event "SR 1. liga zapad 2011/2012"]
[Site "?"]
[Date "2012.02.04"]
[Round "8.1"]
[White "Janko, Michal"]
[Black "Sosovicka, Juraj"]
[Result "1/2-1/2"]
[WhiteElo "2271"]
[BlackElo "2198"]
[PlyCount "45"]
[EventDate "2011.??.??"]

1. d4 d5 2. c4 c6 3. Nc3 Nf6 4. Nf3 a6 5. c5 Nbd7 6. Bf4 Nh5 7. Qd2 Nxf4 8.
Qxf4 Nf6 9. Ne5 Be6 10. e3 g6 11. Bd3 Bg7 12. h4 Nd7 13. Nxd7 Bxd7 14. h5 Qb8
15. Qxb8+ Rxb8 16. f4 Bg4 17. hxg6 hxg6 18. Rxh8+ Bxh8 19. Kf2 Bf6 20. Rh1 Kd7
21. Kg3 Bf5 22. Bxf5+ gxf5 23. Rh7 1/2-1/2

[Event "SR 1. liga zapad 2011/2012"]
[Site "?"]
[Date "2012.02.04"]
[Round "8.1"]
[White "Kovac, Andrej"]
[Black "Mokos, Jozef"]
[Result "1/2-1/2"]
[WhiteElo "2154"]
[BlackElo "2249"]
[PlyCount "34"]
[EventDate "2011.??.??"]

1. d4 d5 2. c4 c6 3. Nf3 Nf6 4. e3 e6 5. b3 Nbd7 6. Bd3 Bd6 7. Bb2 O-O 8. O-O
Ne4 9. Qc2 f5 10. Ba3 Bxa3 11. Nxa3 Qe7 12. Nb1 Ndf6 13. Ne5 Nd7 14. Nxd7 Bxd7
15. Nd2 Nxd2 16. Qxd2 Be8 17. f3 Bg6 1/2-1/2

[Event "SR 1. liga zapad 2011/2012"]
[Site "?"]
[Date "2012.02.04"]
[Round "8.1"]
[White "Maros, Milan"]
[Black "Turna, Stefan"]
[Result "1-0"]
[WhiteElo "2336"]
[BlackElo "2218"]
[PlyCount "65"]
[EventDate "2011.??.??"]

1. d4 Nf6 2. Nc3 d5 3. Bg5 Bf5 4. e3 e6 5. Bd3 Bxd3 6. Qxd3 c5 7. Qb5+ Nbd7 8.
Qxb7 Rb8 9. Qxa7 cxd4 10. Qxd4 Rxb2 11. Nge2 Bc5 12. Qd1 Qa5 13. O-O O-O 14.
Bxf6 gxf6 15. a4 Ne5 16. Nb5 Rb4 17. c3 Rc4 18. Ned4 Ra8 19. Nb3 Qb6 20. Nd2
Rg4 21. Nd4 Rg6 22. Qe2 Qb2 23. N2b3 Ba3 24. Ra2 Qxe2 25. Nxe2 Nc4 26. Rfa1 Bb2
27. Rb1 Ba3 28. Rba1 Bb2 29. Rb1 Ba3 30. Nbd4 e5 31. Nb5 f5 32. Ng3 Rf6 33.
Nxa3 1-0

[Event "SR 1. liga zapad 2011/2012"]
[Site "?"]
[Date "2012.02.04"]
[Round "8.1"]
[White "Peitl, Tomas"]
[Black "Ondrus, Martin"]
[Result "0-1"]
[WhiteElo "2214"]
[BlackElo "2301"]
[PlyCount "72"]
[EventDate "2011.??.??"]

1. e4 c5 2. b3 e6 3. Bb2 Nc6 4. Nf3 d5 5. exd5 exd5 6. d4 Nf6 7. Be2 Bd6 8. O-O
O-O 9. Nc3 Bf5 10. Nb5 Ne4 11. Nxd6 Qxd6 12. Ne5 Nxd4 13. Bxd4 cxd4 14. Qxd4
Rfe8 15. Nd3 Rac8 16. Rfe1 Nc3 17. Bf1 b6 18. Rac1 Rxe1 19. Rxe1 h6 20. f3 Nxa2
21. Qa4 Rxc2 22. Qxa7 Qf6 23. Qa8+ Kh7 24. Qxd5 Rd2 25. Re3 Nb4 26. Qc4 Nxd3
27. Rxd3 Bxd3 28. Bxd3+ g6 29. h3 Kg7 30. Be4 Rd1+ 31. Kf2 Qh4+ 32. Ke3 Qe1+
33. Qe2 Qc3+ 34. Kf4 Rd2 35. Qf1 Qf6+ 36. Kg3 Qe5+ 0-1

[Event "SR 1. liga zapad 2011/2012"]
[Site "?"]
[Date "2012.02.04"]
[Round "8.1"]
[White "Petenyi, Tamas"]
[Black "Havlicek, Libor"]
[Result "1/2-1/2"]
[WhiteElo "2347"]
[BlackElo "2304"]
[PlyCount "47"]
[EventDate "2011.??.??"]

1. e4 c5 2. Nf3 d6 3. c3 Nf6 4. Bd3 Qc7 5. Bc2 c4 6. d4 cxd3 7. Qxd3 g6 8. Bf4
Bg7 9. Nbd2 O-O 10. O-O Nc6 11. h3 b5 12. Rac1 b4 13. Ba4 Nh5 14. Be3 bxc3 15.
Rxc3 Nb4 16. Rxc7 Nxd3 17. Bc6 Rb8 18. b3 Ba6 19. Bd5 Nb4 20. Bc4 Bxc4 21. Nxc4
Nxa2 22. Rxa7 Nc3 23. Rxe7 d5 24. exd5 1/2-1/2

[Event "SR 1. liga zapad 2011/2012"]
[Site "?"]
[Date "2012.02.04"]
[Round "8.2"]
[White "Ac, Michal"]
[Black "Reisel, Frantisek"]
[Result "1-0"]
[WhiteElo "2174"]
[BlackElo "2085"]
[PlyCount "85"]
[EventDate "2011.??.??"]

1. d4 d5 2. c4 c6 3. Nf3 Nf6 4. Nc3 dxc4 5. a4 Bf5 6. e3 e6 7. Bxc4 Nbd7 8. O-O
Bd6 9. Re1 Ne4 10. Qb3 Rb8 11. a5 O-O 12. Nxe4 Bxe4 13. Nd2 Bd5 14. e4 Bxc4 15.
Nxc4 Bc7 16. Bd2 Nf6 17. Rad1 b5 18. axb6 Bxb6 19. Bf4 Bc7 20. Qg3 Bxf4 21.
Qxf4 Qe7 22. Rc1 Rb5 23. Qd2 Qd7 24. e5 Nd5 25. Re4 Ne7 26. h4 Rd5 27. Ne3 Rb5
28. Qc2 Rfb8 29. Nc4 Nf5 30. Rd1 Qe7 31. g3 h5 32. Rd2 Rd8 33. Ne3 Nxe3 34.
fxe3 c5 35. Rf4 cxd4 36. exd4 Qb4 37. Rdf2 Rb7 38. Qe4 Rd5 39. Qf3 g6 40. Rxf7
Rdd7 41. Rf8+ Kh7 42. Qf6 Rg7 43. Qd8 1-0

[Event "SR 1. liga zapad 2011/2012"]
[Site "?"]
[Date "2012.02.04"]
[Round "8.2"]
[White "Certek, Pavel"]
[Black "Hanko, Pavol"]
[Result "1/2-1/2"]
[WhiteElo "2322"]
[BlackElo "2138"]
[PlyCount "120"]
[EventDate "2011.??.??"]

1. d4 Nf6 2. Nf3 g6 3. c4 Bg7 4. g3 O-O 5. Bg2 d6 6. Nc3 Nc6 7. h3 a6 8. Be3
Rb8 9. Qd2 Re8 10. Rd1 b5 11. cxb5 axb5 12. b3 Bf5 13. O-O Qc8 14. Kh2 Ne4 15.
Nxe4 Bxe4 16. d5 Ne5 17. Nxe5 Bxg2 18. Kxg2 Bxe5 19. Bd4 Bxd4 20. Qxd4 c5 21.
dxc6 Qxc6+ 22. Kh2 Rec8 23. Qe3 Qd7 24. Rc1 Ra8 25. Rxc8+ Qxc8 26. Rc1 Qf5 27.
g4 Qf6 28. Rc2 b4 29. Kg2 h5 30. Qe4 Rb8 31. Rc4 hxg4 32. Qxg4 Rb5 33. h4 Rf5
34. Qg3 Qb2 35. e4 Rc5 36. Rxb4 Qxa2 37. Qe3 Qc2 38. Qd4 Rc8 39. Rb7 Qe2 40.
Kg3 e5 41. Qe3 Qc2 42. f3 Qb1 43. Kg4 Qh1 44. Qf2 Rc1 45. Kg5 Kg7 46. Rxf7+
Kxf7 47. Kh6 Qe1 48. Qa7+ Ke6 49. Kg7 d5 50. Qf7+ Kd6 51. Qxd5+ Kc7 52. Qxe5+
Kb6 53. Qb8+ Ka5 54. Qa7+ Kb4 55. Qa4+ Kc3 56. Qa5+ Kd4 57. Qxe1 Rxe1 58. Kxg6
Rf1 59. h5 Rxf3 60. h6 Rxb3 1/2-1/2